00695nam a2200217Ia 4500008004000000020001500040041000800055082001900063100002000082245004100102260004400143300001200187650001100199650001600210650001700226650000900243690002100252906001100273999001900284952017400303210210b2006 xxu||||| |||| 00| 0 eng d a8126503947 aeng a001.6424V HOLP aHOLZNER (Steve) aProfessional visual c++6 programming aNew DelhibWiley Eastern Pvt Ltd.c2006 axiv,610 avisual aprogramming aProfessional ac++6 aComputer Science a062348 c117396d117396 001040708Computer ScienceaALbALcComputer Scienced2021-02-17eKnowledge World, Bangalore-18g299.00l0o001.6424V HOLPp062348r2021-02-17 00:00:00w2021-02-17yBK